A bibliography of maps of Civil War battlefield areas / (Record no. 29621)
[ view plain ]
| 000 -LEADER | |
|---|---|
| fixed length control field | 00857cam a22002531a 4500 |
| 001 - CONTROL NUMBER | |
| control field | gs 62000192 |
| 003 - CONTROL NUMBER IDENTIFIER | |
| control field | DLC |
| 005 - DATE AND TIME OF LATEST TRANSACTION | |
| control field | 20260227111411.0 |
| 008 - FIXED-LENGTH DATA ELEMENTS--GENERAL INFORMATION | |
| fixed length control field | 800116s1962 dcu b f000 0 eng c |
| 010 ## - LIBRARY OF CONGRESS CONTROL NUMBER | |
| LC control number | gs 62000192 |
| 035 ## - SYSTEM CONTROL NUMBER | |
| System control number | (OCoLC)5878548 |
| 040 ## - CATALOGING SOURCE | |
| Original cataloging agency | U.S. Geol. Survey. Libr. |
| Transcribing agency | MsSM |
| Modifying agency | OCoLC |
| -- | MnHi |
| -- | DLC |
| 042 ## - AUTHENTICATION CODE | |
| Authentication code | premarc |
| 043 ## - GEOGRAPHIC AREA CODE | |
| Geographic area code | n-us--- |
| 050 00 - LIBRARY OF CONGRESS CALL NUMBER | |
| Classification number | QE75 |
| Item number | .C5 no. 462 |
| 086 0# - GOVERNMENT DOCUMENT CLASSIFICATION NUMBER | |
| Classification number | I 19.4/2:462 |
| 100 1# - MAIN ENTRY--PERSONAL NAME | |
| Personal name | Gottschall, Irwin, |
| Dates associated with a name | 1912- |
| 245 12 - TITLE STATEMENT | |
| Title | A bibliography of maps of Civil War battlefield areas / |
| Statement of responsibility, etc. | by Irwin Gottschall. |
| 260 ## - PUBLICATION, DISTRIBUTION, ETC. | |
| Place of publication, distribution, etc. | Washington : |
| Name of publisher, distributor, etc. | United States Dept. of the Interior, Geological Survey, |
| Date of publication, distribution, etc. | 1962. |
| 300 ## - PHYSICAL DESCRIPTION | |
| Extent | 33 p. ; |
| Dimensions | 27 cm. |
| 440 #0 - SERIES STATEMENT/ADDED ENTRY--TITLE | |
| Title | Geological Survey circular ; |
| Volume/sequential designation | 462 |
| 500 ## - GENERAL NOTE | |
| General note | Supt. of Docs. no.: I 19.4/2:462. |
| 651 #0 - SUBJECT ADDED ENTRY--GEOGRAPHIC NAME | |
| Geographic name | United States |
| General subdivision | History |
| Chronological subdivision | Civil War, 1861-1865 |
| General subdivision | Maps |
| Form subdivision | Bibliography. |
No items available.